000 004320000a22001690004500
041 0 _aENG
082 0 4 _aG 270.08 T891b
100 1 _aTucker, Robert C.
245 1 0 _aBuilders of the church / Robert Leonard Tucker
260 _aNew York, N.Y. USA : Abingdon
300 _a336 Pag
001 8441
942 _cBK
999 _c38591
_d38591
336 _atexto
_btxt
_2rdacontent
337 _2rdamedia
_asin mediación
_bn
338 _2rdacarrier
_avolumen
_bnc